| 000 | 00684nam a2200217Ia 4500 | ||
|---|---|---|---|
| 001 | 5551 | ||
| 008 | 150225s 197 ii a g b000 u 465 u | ||
| 082 | _a546 | ||
| 100 | _aJanardhan , P.B. . | ||
| 245 | 0 |
_aA Text Book Inorganic Chemistry / _cP.B. Janardhan and B. Sivasankar. _hTextual Documents |
|
| 250 | _a1st ed. / | ||
| 260 |
_aNew Delhi : _bOxford & IBH Publishing Co , _cC 1978. |
||
| 300 |
_axi, 809p. : _bill. ; _c24cm . |
||
| 504 | _aIndex | ||
| 653 | _aG - Che | ||
| 653 | _aInorganic Chemistry | ||
| 653 | _aPG-Chemistry | ||
| 700 | _aSivasankar, B. . | ||
| 856 | _uAcc no77291 , A Text Book Inorganic Chemistry Shifted From PG Sec to General Sec | ||
| 942 |
_2ddc _cBK |
||
| 999 |
_c5538 _d5538 |
||